'The Persistence of Memory' Parodies Quiz Stats

 Plays Quiz Updated Jun 18, 2016

Also try: Mona Lisa Parodies
Challenge
Share
Tweet
Score 0/15 Timer 05:00
2 Plays Today
% Correct
The Simpsons
99.4%
SpongeBob SquarePants
98.8%
Cookie Monster
95.5%
Yoda
93.6%
iPad
92.9%
NFL
91.7%
Minions
89%
Doctor Who
86%
% Correct
Pac-Man
80.4%
Indiana Jones and the Last Crusade: The Graphic Adventure
72.5%
Hey Arnold!
64.9%
Minecraft
63.7%
Peeps
63.3%
Portal
36.8%
Playmobil
21.7%

You're not logged in!

Compare scores with friends on all Sporcle quizzes.
Join for Free
OR
Log In

You Might Also Like...

Show Comments

Extras

Top Quizzes Today


Score Distribution

Your Account Isn't Verified!

In order to create a playlist on Sporcle, you need to verify the email address you used during registration. Go to your Sporcle Settings to finish the process.

Report this User

Report this user for behavior that violates our Community Guidelines.

Details: